000
00238nam a22001097a 4500
008
170126b xxu||||| |||| 00| 0 eng d
020
_a
0126581020
041
_a
eng
080
_a
61
245
_a
THE RETINOIDS
_c
SPORN, M.B
942
_2
udc
_c
BK
999
_c
3735
_d
3735